Loading...
| Science - Other Science | 2 | 1 | 0 | 1 | 40 | 35 | 65.67 | 2 | 3 |
| Arts - Music | 0 | 3 | 0 | 2 | 30 | 131 | 136.33 | 0 | 3 |
| Literature - World Lit | 0 | 3 | 0 | 0 | 30 | 94 | 100.67 | 1 | 3 |
| Thought - Social Science | 1 | 1 | 0 | 0 | 25 | 46 | 84.00 | 1 | 2 |
| Beliefs - Religion | 0 | 3 | 1 | 2 | 25 | 118 | 122.33 | 0 | 3 |
| Arts - Other Arts | 1 | 1 | 1 | 1 | 20 | 54 | 90.50 | 0 | 2 |
| Science - Physics | 1 | 1 | 1 | 1 | 20 | 72 | 100.50 | 0 | 2 |
| Thought - Philosophy | 0 | 2 | 1 | 0 | 15 | 116 | 119.50 | 0 | 2 |
| Other - Other Academic | 0 | 1 | 0 | 1 | 10 | 127 | 127.00 | 0 | 1 |
| History - American History | 0 | 1 | 0 | 0 | 10 | 83 | 83.00 | 0 | 1 |
| Literature - American Lit | 0 | 1 | 0 | 1 | 10 | 144 | 144.00 | 0 | 1 |
| Science - Biology | 0 | 1 | 0 | 0 | 10 | 107 | 107.00 | 0 | 1 |
| Science - Chemistry | 0 | 1 | 1 | 1 | 5 | 120 | 120.00 | 0 | 1 |
| Other - Pop Culture | 0 | 1 | 1 | 1 | 5 | 128 | 128.00 | 0 | 1 |
| Literature - Euro Lit | 0 | 0 | 0 | 0 | 0 | 0.00 | 0 | 0 | |
| Beliefs - Mythology | 0 | 0 | 1 | 0 | -5 | 0.00 | 0 | 0 | |
| Literature - British Lit | 0 | 0 | 1 | 0 | -5 | 0.00 | 0 | 0 | |
| History - Euro History | 0 | 0 | 1 | 0 | -5 | 0.00 | 0 | 0 | |
| Other - Geo/CE | 0 | 0 | 2 | 0 | -10 | 0.00 | 0 | 0 |